Viajes del Infante D. Pedro de Portugal en el siglo XV : (Record no. 62457)
[ view plain ]
| 000 -LEADER | |
|---|---|
| campo de control de longitud fija | 01146nam a2200277 i 4500 |
| 001 - NÚMERO DE CONTROL | |
| campo de control | 62457 |
| 003 - IDENTIFICADOR DE NÚMERO DE CONTROL | |
| campo de control | ES-MaACL |
| 005 - FECHA Y HORA DE LA ÚLTIMA TRANSACCIÓN | |
| campo de control | 20250730230859.0 |
| 007 - CAMPO FIJO DE DESCRIPCIÓN FÍSICA--INFORMACIÓN GENERAL | |
| campo de control de longitud fija | t| |
| 008 - DATOS DE LONGITUD FIJA--INFORMACIÓN GENERAL | |
| campo de control de longitud fija | 031121s1903 sp ||||1|bspa d |
| 080 ## - NÚMERO DE LA CLASIFICACIÓN DECIMAL UNIVERSAL | |
| Número de la Clasificación Decimal Universal | 398.22 |
| 080 ## - NÚMERO DE LA CLASIFICACIÓN DECIMAL UNIVERSAL | |
| Número de la Clasificación Decimal Universal | 913(5-15)(02)"14" |
| 080 ## - NÚMERO DE LA CLASIFICACIÓN DECIMAL UNIVERSAL | |
| Número de la Clasificación Decimal Universal | 929 Pedro, Infante de Portugal |
| 100 1# - ENTRADA PRINCIPAL--NOMBRE DE PERSONA | |
| Nombre de persona | Fernández Duro, Cesáreo, |
| Fechas asociadas al nombre | 1830-1908 |
| 9 (RLIN) | 49752 |
| 245 10 - MENCIÓN DEL TÍTULO | |
| Título | Viajes del Infante D. Pedro de Portugal en el siglo XV : |
| Resto del título | con indicación de los de una religiosa española por las regiones orientales mil años antes / |
| Mención de responsabilidad, etc. | por D. Cesáreo Fernández Duro. |
| 260 ## - PUBLICACIÓN, DISTRIBUCIÓN, ETC. | |
| Lugar de publicación, distribución, etc. | Madrid : |
| Nombre del editor, distribuidor, etc. | [s.n.], |
| Fecha de publicación, distribución, etc. | 1903 ( |
| Fabricante | Imp. del Cuerpo de Artillería) |
| 300 ## - DESCRIPCIÓN FÍSICA | |
| Extensión | 108 p. ; |
| Dimensiones | 24 cm. |
| 530 ## - NOTA DISPONIBLE DE FORMULARIO FÍSICO ADICIONAL | |
| Nota de formato físico adicional disponible | Disponible en formato digital. |
| 600 07 - PUNTO DE ACCESO ADICIONAL DE MATERIA--NOMBRE DE PERSONA | |
| Nombre de persona | Pedro, |
| Títulos y otros términos asociados al nombre | Infante de Portugal, |
| Fechas asociadas al nombre | 1392-1449- |
| Subdivisión general | Viajes |
| Fuente del encabezamiento o término | |
| 9 (RLIN) | 146366 |
| 600 04 - PUNTO DE ACCESO ADICIONAL DE MATERIA--NOMBRE DE PERSONA | |
| Nombre de persona | Egeria. |
| 9 (RLIN) | 46716 |
| 650 #4 - PUNTO DE ACCESO ADICIONAL DE MATERIA--TÉRMINO DE MATERIA | |
| Término de materia o nombre geográfico como elemento de entrada | Preste Juan (Personaje mitológico) |
| 9 (RLIN) | 146367 |
| 651 #4 - PUNTO DE ACCESO ADICIONAL DE MATERIA--NOMBRE GEOGRÁFICO | |
| Nombre geográfico | Oriente Medio- |
| Subdivisión general | Descripción- |
| Subdivisión de forma | Obras anteriores a 1800. |
| 9 (RLIN) | 146368 |
| 852 4# - LOCALIZACIÓN | |
| Ubicación | ES-MaACL |
| Número de control de estantería | T-1039-F-10 |
| 856 4# - LOCALIZACIÓN Y ACCESO ELECTRÓNICOS | |
| Identificador Uniforme de Recursos | <a href="http://bdh-rd.bne.es/viewer.vm?id=0000108811&page=1 ">http://bdh-rd.bne.es/viewer.vm?id=0000108811&page=1 </a> |
| Nota pública | Biblioteca Digital Hispánica |
| Estatus retirado | Estado de pérdida | Estado de daño | No para préstamo | Colección | Biblioteca de origen | Biblioteca actual | Ubicación en estantería | Fecha de adquisición | Fuente de adquisición | Total de préstamos | Signatura topográfica completa | Código de barras | Visto por última vez | Precio de reemplazo | Tipo de ítem Koha |
|---|---|---|---|---|---|---|---|---|---|---|---|---|---|---|---|
| Colección de folletos | Biblioteca del Ateneo de Madrid | Biblioteca del Ateneo de Madrid | Depósito folletos | 17/01/2008 | T-1039-F-10 | 1065482 | 23/02/2023 | 23/02/2023 | Folleto |
